000 00674cam a2200229 a 4500
003 OSt
005 20150317085509.0
008 970707s1996 es f000 0 spa
010 _a 97169516
040 _cBMC
082 _aSv860
082 _a808.0687284
100 1 _aGavidia, Francisco
_d1864-1955
_99243
245 1 0 _aCuentos y narraciones
_cFrancisco Gavidia
250 _a1ª ed
260 _aSan Salvador
_bConsejo Nacional para la Cultura y el Arte
_c1996
300 _a127 p.
_c22 cm
490 _aBiblioteca Básica de Literatura Salvadoreña
_v1
650 2 4 _928401
_aLiteratura salvadoreña
650 2 4 _929639
_aCuentos salvadoreños
942 _2ddc
_cBK
999 _c17848
_d17848